Personajes de ficción por imagen - K - Estadísticas

Estadísticas generales
  • Esta prueba ha sido intentada 2.066 veces
  • La puntuación promedio es 10 de 16
Estadísticas de respuestas
Imagen Respuesta % Correcto
Ken
98%
Krusty el Payaso
85%
King Kong
84%
Kraken
73%
Kirby
70%
Kratos
69%
Kim Possible
66%
Kevin McCallister
65%
Krillin
57%
Katniss Everdeen
56%
Kermit
51%
Kylo Ren
49%
Knuckles
45%
Kristoff
44%
Kick Buttowski
35%
Kakashi
34%
No se encontraron pruebas coincidentes
Distribución de puntuación
Porcentaje de gente con cada puntuación
Porcentaje por número respondido
Historial de tus puntuaciones
No has intentado esta prueba.